Filmy od Dreamworks - Statystyki

Ogólne statystyki
  • Ten quiz został rozwiązany 4 razy
  • Średni wynik to 10 z 51
Statystyki odpowiedzi
Hint Odpowiedź % Poprawnych
2001 Shrek
100%
2004 Shrek 2
100%
2007 Shrek Trzeci
100%
2005 Madagaskar
67%
2008 Madagaskar 2
67%
2012 Madagaskar 3
67%
2010 Shrek Forever
67%
2024 Dog Man
33%
2015 Dom
33%
2010 Jak wytresować smoka
33%
2014 Jak wytresować smoka 2
33%
2019 Jak wytresować smoka 3
33%
2017 Kapitan Majtas
33%
2011 Kot w butach
33%
2013 Krudowie
33%
1998 Książę Egiptu
33%
2008 Kung Fu Panda
33%
2011 Kung Fu Panda 2
33%
2016 Kung Fu Panda 3
33%
2024 Kung Fu Panda 4
33%
2009 Potwory kontra Obcy
33%
2000 Droga do El Dorado
0%
2017 Dzieciak Rządzi
0%
2024 Dziki Robot
0%
2007 Film o pszczołach
0%
2000 Józef - władca snów
0%
2022 Kot w butach: Ostatnie życzenie
0%
2020 Krudowie 2
0%
2010 Megamocny
0%
2023 Miss Kraken. Ruby Gillman
0%
1998 Mrówka Z
0%
2002 Mustang z Dzikiej Doliny
0%
2021 Mustang z Dzikiej Doliny 2
0%
2024 Orion i Ciemność
0%
2019 O Yeti!
0%
2014 Pan Peabody i Sherman
0%
2022 Pan Wilk i Spółka
0%
2025 Pan Wilk i Spółka 2
0%
2014 Pingwiny z Madgaskaru
0%
2021 Rodzinka rządzi
0%
2004 Rybki z ferajny
0%
2003 Sinbad: Legenda siedmiu mórz
0%
2006 Skok przez płot
0%
2012 Strażnicy marzeń
0%
2016 Trolle
0%
2020 Trolle 2
0%
2023 Trolle 3
0%
2013 Turbo
0%
2000 Uciekające kurczaki
0%
2005 Wallace i Gromit: Klątwa królika
0%
2006 Wpuszczony w kanał
0%
Nie znaleziono quizów pasujących do podanych kryteriów
Rozkład punktacji
Procent ludzi z każdym wynikiem
Percentyl według liczby udzielonych odpowiedzi
Twoja historia wyników
Nie rozwiązałeś tego quizu